Playstation All-Stars Battle Royale - Statistiques

Statistiques générales
  • Ce quiz a été pris 155 fois
  • Le résultat moyen est 8 sur 24
Statistiques - réponses
Série de Jeux Personnages % Correct
God of War Kratos
97%
Uncharted Nathan Drake
76%
Ratchet and Clank Ratchet et Clank
65%
Jax and Daxter Jax et Daxter
49%
Little Big Planet Sackboy
48%
Devil May Cry Dante
47%
PaRappa the Rapper PaRappa the Rapper
40%
Fat Princess Fat Princess
38%
Sly Raccoon Sly Cooper
37%
God of War Zeus
35%
inFamous Evil Cole
31%
BioShock Big Daddy (Le Protecteur)
29%
Medievil Sir Daniel
26%
Metal Gear Solid Raiden
25%
Killzone Colonel Radec
19%
Twisted Metal Sweet Tooth
19%
Tekken Heihachi Mishima
18%
Dead Space Isaac Clarke
18%
inFamous Cole MacGrath
17%
Ape Escape Spike
16%
Heavenly Sword Nariko
14%
Starhawk Emmett Graves
9%
Dokodemo Issho (Mascotte de Sony Japon) Toro Inoue
8%
Gravity Rush Kat et Dusty
2%
Aucun quiz correspondant
Distribution des résultats
% des personnes avec chaque résultat
Percentile par nombre de réponses
Votre historique - résultats
Vous n’avez pas pris ce quiz